Producción Agrícola

Información estadística sobre la producción agrícola de Panamá, según cifras del censo agropecuario de 1971. Contiene datos sobre técnicas de cultivo, régimen de tenencia de la tierra, producción según cultivos temporales y permanentes, industria doméstica y producción en las zonas indígenas. Incluy...

Full description

Saved in:
Bibliographic Details
Corporate Author: Panamá. Contraloría General de la República. Dirección de Estadística y Censo
Format: Text
Published: Panamá: Dirección de Estadística y Censo
Subjects:
Tags: Add Tag
No Tags, Be the first to tag this record!

MARC

LEADER 00000 a a2200000 04500
001 20283
003
040
090 |a 084100  
110 |a Panamá. Contraloría General de la República. Dirección de Estadística y Censo  
245 |a Producción Agrícola  
260 |a Panamá:   |b Dirección de Estadística y Censo  
300 |a 242 p.; v. 1  
520 |a Información estadística sobre la producción agrícola de Panamá, según cifras del censo agropecuario de 1971. Contiene datos sobre técnicas de cultivo, régimen de tenencia de la tierra, producción según cultivos temporales y permanentes, industria doméstica y producción en las zonas indígenas. Incluye información a partir de 1950/ACM  
650 |a PANAMA  
650 |a SECTOR AGROPECUARIO  
650 |a PRODUCCION AGRICOLA  
650 |a CENSOS AGROPECUARIOS  
650 |a INDICADORES ECONOMICOS  
650 |a CUADROS ESTADISTICOS  
999 |c 17438  |d 17438